000 00999nam a2200265 a 4500
001 BRCA_1185
005 20190320203324.0
008 910104s1985 mx-a---##b---f000-0#spa-#
020 _a9688380059
040 _aDLC
_cDLC
050 4 _aNA5257.M4
_b.T68 1985
100 1 _aTovar de Teresa, Guillermo
_d1956-
_9559
245 1 0 _aCatedral de México, Retablo de los Reyes
_bhistoria y restauración
_cGuillermo Tovar de Teresa, Jaime Ortiz Lajous.
260 _aMéxico
_bSecretaría de Desarrollo Urbano y Ecología
_c1985
300 _avii, 109 p.
_bil. (algunas a color)
_c34 cm.
500 _aIncluye referencias bibliográficas
600 1 4 _aBalbás, Géronimo de
_tRetablo de los Reyes
_93909
610 2 4 _aCatedral de México
_9679
650 1 4 _aRetablos barrocos
_zMéxico
_93848
650 1 4 _aRetablos mexicanos
_zMéxico
_93849
650 1 4 _aRetablos
_xConservación y restauración
_zMéxico
_93910
700 1 _aOrtiz Lajous, Jaime
_93911
740 0 _aRetablo de los Reyes
942 _2lcc
_cB
999 _c1061
_d1061